[Event "ROM-ch U10 Boys"]
[Site "Voineasa"]
[Date "2008.04.16"]
[Round "7"]
[White "Scripcaru, George Daniel"]
[Black "Stavila, Radu Adrian"]
[Result "1-0"]
[WhiteElo "401"]
[BlackElo "440"]
[PlyCount "103"]
[EventDate "2008.04.08"]
[EventType "swiss"]
[EventRounds "9"]
[EventCountry "ROU"]
[SourceTitle "EXT 2013"]
[Source "ChessBase"]
[SourceDate "2012.11.22"]
[SourceVersion "1"]
[SourceVersionDate "2012.11.22"]
[SourceQuality "1"]

1. e4 e5 2. f4 exf4 3. Nf3 Nf6 4. d3 Nc6 5. Bxf4 d6 6. Nc3 Bg4 7. Be2 Be7 8. h3 Bh5 9. Qd2 Qd7 10. 0-0-0 0-0-0 11. g4 Bg6 12. Bg3 d5 13. e5 d4 14. Nb5 Ne8 15. Qf4 Bc5 16. c3 dxc3 17. Nxc3 Kb8 18. h4 h5 19. g5 Nd4 20. Qd2 Nxe2+ 21. Qxe2 Qc6 22. d4 Bb4 23. Be1 Be4 24. Rf1 Rf8 25. Qxe4 Qxe4 26. Nxe4 Bxe1 27. Rfxe1 f6 28. gxf6 gxf6 29. e6 Rc8 30. Nc5 Ka8 31. d5 Nd6 32. Nd4 f5 33. Rf1 f4 34. Nd7 Rfe8 35. Rxf4 Nc4 36. Rdf1 Ne3 37. R1f2 Nxd5 38. Rf8 Rxf8 39. Rxf8 Rxf8 40. Nxf8 Ne7 41. Nd7 b6 42. Kd2 Kb7 43. Ke3 c5 44. Nb5 Kc6 45. Nxa7+ Kd6 46. Nf8 Nf5+ 47. Kf4 Nxh4 48. Kg5 Nf3+ 49. Kf6 Nd4 50. e7 Nc6 51. Nxc6 Kxc6 52. e8Q+ 1-0